000 00301nam a22001337a 4500
008 171012b xxu||||| |||| 00| 0 eng d
020 _a99990
041 _aeng
080 _22ND
_a316
100 _a50
101 _aSOC
245 _aETHICAL DILEMMAS IN SOCIAL SERVICE
_cREAMER,F.G
942 _2udc
_cBK
999 _c33313
_d33313